| 000 | 00789nas a2200253Ia 4500 | ||
|---|---|---|---|
| 001 | R005/42263 | ||
| 003 | IT-RoPAU | ||
| 008 | 151124c99999999xx |||||||||||| ||und|| | ||
| 040 | _aIT-RoPAU | ||
| 040 | _cIT-RoPAU | ||
| 041 | _aITALIANO | ||
| 100 |
_aFugard Athol _gCodice Aut. SPICS: 6389 |
||
| 210 | _aCIEMME | ||
| 222 | _aCiemme | ||
| 245 |
_aCIEMME, ANNO 09-N.035-1979 _bSizwe Bansi E' Morto (Dialoghi) |
||
| 250 | _a1a ed. | ||
| 260 |
_aVENEZIA _bCINIT/CINEFORUM _c1979 |
||
| 501 |
_bPaulus - SPICS - Società San Paolo EM (non-commercial uses only) _cCopyright2015 |
||
| 300 | _a22 p. [19-40] | ||
| 362 | _aANNO 009, N.035-1979 | ||
| 500 | _aTeatro-Africano Testo-Dei-Dialoghi Traduzione-Di-Armando-Pajalich | ||
| 650 |
_aCINEMA _vPUBBLICAZIONE PERIODICA |
||
| 942 | _cCR | ||
| 999 |
_c125633 _d125633 |
||